[Event "Druzynowe Mistrzostw Polski Juniorow - II Liga"]
[Site "Wroclaw"]
[Date "1899-12-30"]
[Round "3.4"]
[White "Osinski, Maksymilian"]
[Black "Stogiera, Aleksander"]
[Result "1-0"]
[WhiteTitle "II"]
[BlackTitle "II"]
[WhiteElo "1329"]
[BlackElo "1092"]

1. e4 c5 2. Nf3 d6 3. d4 cxd4 4. Nxd4 Nf6 5. Nc3 a6 6. Be2 e5 7. Nb3 Be6 8. O-O
Be7 9. f4 Qb6+ 10. Kh1 Nbd7 11. f5 Bxb3 12. axb3 Nb8 13. g4 Qb4 14. g5 Nxe4 15.
Nd5 Qc5 16. Be3 Qc6 17. Bf3 Ng3+ 18. hxg3 Kd8 19. Nxe7 1-0

[Event "Druzynowe Mistrzostw Polski Juniorow - II Liga"]
[Site "Wroclaw"]
[Date "1899-12-30"]
[Round "3.5"]
[White "Krzyzosiak, Anna"]
[Black "Kokot, Agnieszka"]
[Result "1-0"]
[WhiteTitle "I++"]
[BlackTitle "I"]
[WhiteElo "1496"]
[BlackElo "1275"]

1. e4 c5 2. Nf3 d6 3. d4 cxd4 4. Nxd4 Nf6 5. Nc3 a6 6. Be2 e5 7. Nb3 Be6 8. O-O
Be7 9. f4 Qc7 10. Qd3 b5 11. f5 Bc4 12. Qf3 Nbd7 13. Bxc4 Qxc4 14. a3 O-O 15.
Be3 Rfb8 16. g4 b4 17. axb4 Rxb4 18. g5 Ne8 19. Na5 Qc8 20. Nd5 Qxc2 21. Nxb4
Qxb2 22. Rfb1 Qc3 23. Nd5 Qc2 24. Nxe7+ Kf8 25. Nd5 Nc5 26. Bxc5 Qxc5+ 27. Qf2
Qxf2+ 28. Kxf2 Rc8 29. Rc1 Rb8 30. Rab1 Rxb1 31. Rxb1 h6 32. gxh6 gxh6 33. Rb8
h5 34. Nc7 1-0

[Event "Druzynowe Mistrzostw Polski Juniorow - II Liga"]
[Site "Wroclaw"]
[Date "1899-12-30"]
[Round "3.6"]
[White "Kaminska, Zuzanna"]
[Black "Rzadkowska, Kaja"]
[Result "1-0"]
[WhiteTitle "I"]
[BlackTitle "I"]
[WhiteElo "1201"]
[BlackElo "1216"]

1. e4 c5 2. Nf3 e6 3. d4 cxd4 4. Nxd4 Nc6 5. Nc3 Qc7 6. Be2 a6 7. O-O Nf6 8. Be3
Bb4 9. Na4 Be7 10. Nc3 O-O 11. f4 d6 12. Qd2 Bd7 13. Rad1 Rfd8 14. Bf3 Nxd4 15.
Bxd4 e5 16. Be3 Rac8 17. Qf2 Qc6 18. Qg3 exf4 19. Qxf4 Qc4 20. Bd4 b5 21. Bxf6
Bxf6 22. Nd5 Bd4+ 23. Kh1 Rb8 24. Bh5 f6 25. b3 Qc5 26. Ne7+ Kf8 27. Nd5 Be5 28.
Qh4 Be8 29. Rd3 Bxh5 30. Qxh5 Qxc2 31. Rdf3 Qb2 32. Qxh7 Kf7 33. Qh5+ Kf8 34.
Qg6 Qe2 35. Rxf6+ Bxf6 36. Rxf6+ gxf6 37. Qxf6+ Kg8 38. Ne7+ Kh7 39. Qg6+ Kh8
40. Qh6# 1-0

[Event "Druzynowe Mistrzostw Polski Juniorow - II Liga"]
[Site "Wroclaw"]
[Date "1899-12-30"]
[Round "3.7"]
[White "Dziendziel, Mateusz"]
[Black "Zabron, Maksym"]
[Result "1/2-1/2"]
[WhiteTitle "I"]
[BlackTitle "I++"]
[WhiteElo "1884"]
[BlackElo "1947"]

1. e4 c5 2. Nf3 e6 3. g3 Nc6 4. Bg2 Nf6 5. Qe2 e5 6. O-O Be7 7. c3 O-O 8. Na3 Re8
9. d3 h6 10. Nc4 Bf8 11. Ne3 d5 12. exd5 Nxd5 13. Nxd5 Qxd5 14. Rd1 Bg4 15. h3
Bd7 16. Be3 Qe6 17. d4 exd4 18. cxd4 cxd4 19. Nxd4 Nxd4 20. Rxd4 Bc6 21. Bxc6
Qxc6 22. Qg4 Red8 23. Rad1 Rxd4 24. Rxd4 a6 25. Rd7 Re8 26. Qf5 Re7 27. Rd4 Re8
28. Qd7 Rc8 29. Qxc6 Rxc6 30. Rd8 g5 31. Kg2 b5 1/2-1/2

[Event "Druzynowe Mistrzostw Polski Juniorow - II Liga"]
[Site "Wroclaw"]
[Date "1899-12-30"]
[Round "3.8"]
[White "Pisarek, Jan"]
[Black "Herwy, Jakub"]
[Result "1/2-1/2"]
[WhiteTitle "I"]
[BlackTitle "I++"]
[WhiteElo "1832"]
[BlackElo "1905"]

1. e4 c5 2. Nf3 e6 3. d4 cxd4 4. Nxd4 a6 5. Bd3 Bc5 6. Nb3 Ba7 7. Qe2 Qc7 8. Be3
d6 9. Bxa7 Rxa7 10. O-O Nf6 11. a4 b6 12. Nc3 O-O 13. f4 Nbd7 14. Rf3 h5 15. Rg3
g6 16. Rf1 Kg7 17. Kh1 Bb7 18. Nd2 Nc5 19. Nf3 d5 20. e5 Nfe4 21. Bxe4 Nxe4 22.
Nxe4 dxe4 23. Nd4 Rh8 24. c3 Bd5 25. b3 h4 26. Rh3 Qd8 27. Qg4 f5 28. exf6+ Qxf6
29. Kg1 Rf7 30. Qe2 Rhf8 31. Qd2 Rd8 32. Qf2 Rh8 33. Qe2 Rhf8 34. Qd2 g5 35. c4
Bb7 36. Ne2 g4 37. Re3 Rd8 38. Qc3 Qxc3 39. Nxc3 Rd3 40. Rxd3 exd3 41. Rd1 Rd7
42. Kf2 Kf6 43. g3 hxg3+ 44. hxg3 e5 45. fxe5+ Kxe5 46. Ke3 Rf7 47. Rxd3 Bg2 48.
Ne2 Be4 49. Rc3 Rf3+ 50. Kd2 Rf2 51. Re3 a5 52. Ke1 Rh2 53. Nc3 Kd4 54. Rxe4+
Kxc3 55. Rxg4 Kxb3 56. Rg6 Kxc4 57. Rxb6 Ra2 58. g4 1/2-1/2

[Event "Druzynowe Mistrzostw Polski Juniorow - II Liga"]
[Site "Wroclaw"]
[Date "1899-12-30"]
[Round "3.9"]
[White "Lecki, Leonard"]
[Black "Duda, Leon"]
[Result "1/2-1/2"]
[WhiteTitle "I"]
[BlackTitle "I"]
[WhiteElo "1612"]
[BlackElo "1562"]

1. e4 c5 2. Nf3 Nc6 3. d4 cxd4 4. Nxd4 e5 5. Nb5 a6 6. Nd6+ Bxd6 7. Qxd6 Qe7 8.
Qd1 Nf6 9. Nc3 d6 10. Bg5 Be6 11. Nd5 Bxd5 12. exd5 Nb8 13. Be2 Nbd7 14. O-O O-O
15. a4 h6 16. Be3 Nh7 17. a5 f5 18. f3 Nhf6 19. c4 e4 20. f4 Nh7 21. b4 Rac8 22.
Rc1 g5 23. g3 gxf4 24. gxf4 Nhf6 25. Kh1 Kh7 26. Qd4 Qf7 27. Qa7 Rb8 28. Rg1 Rg8
29. Rxg8 Qxg8 30. Rg1 Qf8 31. Qd4 Qf7 32. Qd1 Rg8 33. Rxg8 Qxg8 34. Qg1 Qf7 35.
Qg3 Ng8 36. Bd4 Ndf6 37. Qh3 Qg6 38. Qg3 Qf7 39. Qh4 Qg6 40. Bf1 Ng4 41. Bh3 N4f6
42. Qg3 Nh5 1/2-1/2

[Event "Druzynowe Mistrzostw Polski Juniorow - II Liga"]
[Site "Wroclaw"]
[Date "1899-12-30"]
[Round "3.10"]
[White "Stanik, Szymon"]
[Black "Radzimski, Antoni"]
[Result "0-1"]
[WhiteTitle "II"]
[BlackTitle "I"]
[WhiteElo "1249"]
[BlackElo "1627"]

1. e4 e5 2. Nf3 Nf6 3. Nc3 Nc6 4. Bb5 Bb4 5. O-O O-O 6. d3 d6 7. Bg5 Ne7 8. Re1
Ng6 9. a3 Bxc3 10. bxc3 h6 11. Bc1 c6 12. Ba4 Be6 13. Bb3 Re8 14. Rb1 Qc7 15.
Bb2 Bxb3 16. cxb3 d5 17. exd5 cxd5 18. c4 Rad8 19. Qc2 d4 20. Nd2 Nh7 21. b4 f5
22. Nb3 Ng5 23. Rbc1 Nh4 24. Nd2 Qc6 25. f3 Qg6 26. Kf1 e4 27. fxe4 fxe4 28. Nxe4
Rf8+ 29. Kg1 Nh3+ 30. Kh1 Nf2+ 0-1

[Event "Druzynowe Mistrzostw Polski Juniorow - II Liga"]
[Site "Wroclaw"]
[Date "1899-12-30"]
[Round "3.11"]
[White "Obrochta, Lena"]
[Black "Pisarek, Elzbieta"]
[Result "1-0"]
[WhiteTitle "I++"]
[BlackTitle "I++"]
[WhiteElo "1690"]
[BlackElo "1804"]

1. e4 c5 2. Nf3 e6 3. d4 cxd4 4. Nxd4 Nf6 5. Bd3 Nc6 6. Nxc6 bxc6 7. O-O d5 8.
Nd2 e5 9. Qe2 Bd6 10. c4 d4 11. f4 Bg4 12. Qe1 Nh5 13. fxe5 Bxe5 14. Nf3 Bxf3
15. Rxf3 Nf6 16. Rf5 Qc7 17. Qh4 O-O 18. Bf4 Bxf4 19. Rxf4 h6 20. Raf1 Nd7 21.
e5 Nxe5 22. Rxd4 Nxd3 23. Rxd3 Qb6+ 24. Qd4 Rfd8 25. Qxb6 axb6 26. Rxd8+ Rxd8
27. Rf2 Rd1+ 28. Rf1 Rd2 29. Rf2 Rd1+ 30. Rf1 Rd4 31. b3 c5 32. Rf2 Rd1+ 33. Rf1
Rxf1+ 34. Kxf1 Kf8 35. Ke2 Ke7 36. Ke3 Kd6 37. Ke4 g6 38. g4 f6 39. a3 Kc6 40.
b4 Kd6 41. h4 Kc6 42. h5 cxb4 43. axb4 f5+ 44. gxf5 gxh5 45. f6 Kd7 46. c5 bxc5
47. bxc5 h4 48. c6+ Kxc6 49. f7 h3 50. f8=Q 1-0

[Event "Druzynowe Mistrzostw Polski Juniorow - II Liga"]
[Site "Wroclaw"]
[Date "1899-12-30"]
[Round "3.12"]
[White "Gajda, Anna"]
[Black "Salamon, Julia"]
[Result "0-1"]
[WhiteTitle "II"]
[BlackTitle "I++"]
[WhiteElo "1073"]
[BlackElo "1465"]

1. e4 c5 2. Nf3 e6 3. d4 cxd4 4. Nxd4 Nf6 5. Nc3 Nc6 6. Ndb5 d6 7. Bg5 a6 8. Nd4
Be7 9. Nf3 h6 10. Bh4 Qb6 11. Rb1 O-O 12. Bd3 Rd8 13. O-O Qc7 14. Re1 b5 15. a3
Bb7 16. Qd2 Rd7 17. Rbd1 Rad8 18. Re2 Ne5 19. Nxe5 dxe5 20. h3 Nxe4 21. Nxe4 Bxh4
22. Qe1 f5 23. Nd2 e4 24. Bxe4 fxe4 25. Qf1 Bg5 26. Qe1 Qxc2 0-1

[Event "Druzynowe Mistrzostw Polski Juniorow - II Liga"]
[Site "Wroclaw"]
[Date "1899-12-30"]
[Round "3.13"]
[White "Kolodziejski, Piotr"]
[Black "Borowik, Wojciech"]
[Result "0-1"]
[WhiteTitle "k"]
[BlackTitle "I++"]
[WhiteElo "2107"]
[BlackElo "1746"]

1. e4 c5 2. Ne2 d6 3. g3 Nc6 4. Bg2 g6 5. c3 Bg7 6. d4 cxd4 7. cxd4 Bg4 8. f3 Bd7
9. Nbc3 Nf6 10. Be3 a6 11. Qd2 O-O 12. O-O e5 13. Rac1 b5 14. b3 Rc8 15. Rfd1
b4 16. Nb1 a5 17. g4 Nxd4 18. Nxd4 Rxc1 19. Qxc1 exd4 20. Bxd4 Bb5 21. Qe3 Qe7
22. Rc1 Re8 23. Kf2 Nd5 24. exd5 Qh4+ 25. Kg1 Re7 26. Qe4 Rxe4 27. Be3 Bd4 28.
Rd1 Be5 29. f4 Qxg4 30. Re1 Bxf4 31. Bf2 Qf5 32. Bxe4 Qg5+ 33. Bg2 h5 34. h4 Qg4
0-1

[Event "Druzynowe Mistrzostw Polski Juniorow - II Liga"]
[Site "Wroclaw"]
[Date "1899-12-30"]
[Round "3.14"]
[White "Pojawa, Jakub"]
[Black "Kejna, Piotr"]
[Result "0-1"]
[WhiteTitle "II"]
[BlackTitle "CM"]
[WhiteElo "1369"]
[BlackElo "1970"]

1. d4 Nf6 2. c4 c5 3. d5 e6 4. Nc3 exd5 5. cxd5 d6 6. e4 g6 7. Nf3 Bg7 8. Bd3 O-O
9. O-O a6 10. a4 Bg4 11. h3 Bxf3 12. Qxf3 Nfd7 13. Qe2 Re8 14. Be3 Qe7 15. Rfe1
Nb6 16. f3 N8d7 17. a5 Nc8 18. Qd2 Na7 19. Rab1 Qd8 20. b4 cxb4 21. Na2 Qxa5 22.
Qxb4 Qxb4 23. Rxb4 b5 24. Rc1 Nc5 25. Bf1 f5 26. Bf4 fxe4 27. Bxd6 Nd3 28. Bxd3
exd3 29. Re4 Red8 30. Re6 Nc8 31. Bf4 Rxd5 32. Nb4 Rd4 33. Bd2 Rc4 34. Nxd3 Rxc1+
35. Nxc1 Nb6 36. Nb3 Nc4 37. Ba5 Nxa5 38. Nxa5 Bc3 39. Nc6 a5 40. Re4 b4 41. Rc4
Kf7 42. Kf2 Bf6 43. Nxb4 axb4 44. Rxb4 Ra2+ 45. Kg3 Be5+ 46. f4 Bd6 47. Rb7+ Kg8
48. Rd7 Rd2 49. Kf3 Bxf4 50. Rb7 Be5 51. h4 Bf6 52. g3 Rd5 53. Kg4 Rf5 54. Rb8+
Kf7 55. Rb7+ Be7 56. Kh3 Rd5 57. Rb3 h6 58. Kg4 Bd6 59. Rb7+ Kf6 60. Rb3 Ra5 61.
Rf3+ Ke6 62. Re3+ Be5 63. Rb3 Rc5 64. Rb6+ Bd6 65. Rb3 Rc4+ 66. Kf3 Ra4 67. Kg2
Ra3 68. Rf3 Rxf3 69. Kxf3 Kf5 70. g4+ Kf6 71. Ke4 Ke6 72. Kd4 g5 73. h5 Bb8 74.
Kd3 Ke5 75. Ke3 Ba7+ 76. Kf3 Bb6 77. Kg3 Ke4 78. Kg2 Kf4 79. Kh3 Kf3 80. Kh2 Kxg4
0-1

[Event "Druzynowe Mistrzostw Polski Juniorow - II Liga"]
[Site "Wroclaw"]
[Date "1899-12-30"]
[Round "3.15"]
[White "Komendecki, Antoni"]
[Black "Bartnik, Michal"]
[Result "1/2-1/2"]
[WhiteTitle "I++"]
[BlackTitle "II+"]
[WhiteElo "1880"]
[BlackElo "1591"]

1. e4 e5 2. Nf3 Nc6 3. d4 exd4 4. Nxd4 Bc5 5. Be3 Qf6 6. c3 Nge7 7. Qd2 h6 8. Nb5
Bxe3 9. Qxe3 Kd8 10. Nd2 a6 11. Na3 d6 12. O-O-O Bd7 13. g3 Kc8 14. f4 Re8 15.
Nb3 g5 16. e5 Nf5 17. Qd2 Qe7 18. g4 Nh4 19. exd6 cxd6 20. f5 Ne5 21. Nc4 Kc7
22. Qd4 Nxc4 23. Bxc4 Bc6 24. Rhe1 Qxe1 25. Qxd6+ Kb6 26. Qd4+ Kc7 27. Qd6+ Kb6
28. Qc5+ Kc7 29. Qd6+ Kb6 30. Qc5+ Kc7 31. Qd6+ Kb6 32. Qc5+ Kc7 33. Qd6+ 1/2-1/2

[Event "Druzynowe Mistrzostw Polski Juniorow - II Liga"]
[Site "Wroclaw"]
[Date "1899-12-30"]
[Round "3.16"]
[White "Wawrukiewicz, Szymon"]
[Black "Karaszewski, Gabriel"]
[Result "0-1"]
[WhiteTitle "II"]
[BlackTitle "II"]
[WhiteElo "1307"]
[BlackElo "1560"]

1. d4 Nf6 2. f4 d5 3. Nf3 Bf5 4. e3 e6 5. Bd3 Be4 6. Bxe4 Nxe4 7. Nbd2 Be7 8. O-O
f5 9. Ne5 O-O 10. Nxe4 dxe4 11. Kh1 Nd7 12. Nxd7 Qxd7 13. g4 fxg4 14. Qxg4 Qd5
15. Rg1 Rf7 16. Bd2 Qf5 17. b3 b5 18. Rac1 Ba3 19. Rb1 Bf8 20. c4 Rb8 21. cxb5
Rxb5 22. Rbc1 c5 23. Qe2 a6 24. Rg5 Qf6 25. dxc5 Qb2 26. c6 Rxg5 27. fxg5 Bd6
28. Rd1 Rf3 29. Qxa6 Qe5 30. Qe2 Rh3 31. Kg1 Rxh2 32. Qg4 Rh1+ 33. Kf2 Qh2+ 34.
Qg2 Bg3+ 0-1

[Event "Druzynowe Mistrzostw Polski Juniorow - II Liga"]
[Site "Wroclaw"]
[Date "1899-12-30"]
[Round "3.17"]
[White "Szachniewicz, Weronika"]
[Black "Gladyszewska, Kinga"]
[Result "0-1"]
[WhiteTitle "I"]
[BlackTitle "I"]
[WhiteElo "1305"]
[BlackElo "1225"]

1. e4 e5 2. Nf3 Nc6 3. d4 exd4 4. Nxd4 Bc5 5. Nb3 Bb6 6. Nc3 Nf6 7. Bg5 d6 8. Bb5
O-O 9. Bxc6 bxc6 10. f3 Be6 11. Qe2 Qe7 12. O-O-O a5 13. Nd4 Bd7 14. h4 Rfb8 15.
h5 Bxd4 16. Rxd4 Qe5 17. Bxf6 Qxf6 18. Qe3 Rb7 19. h6 g6 20. f4 c5 21. Rd3 Rab8
22. e5 Qe6 23. b3 Bc6 24. exd6 Qxe3+ 25. Rxe3 cxd6 26. Rhe1 Kf8 27. g4 Rb4 28.
Ne4 Bxe4 29. Rxe4 d5 30. Re5 Rxf4 31. Rxd5 Rxg4 32. Rxc5 Rh4 33. Rxa5 Rxh6 34.
c4 Rh2 35. Rd1 h5 36. Rd2 Rh1+ 37. Kc2 h4 38. Re5 Kg7 39. c5 h3 40. Ree2 g5 41.
Rh2 Rxh2 42. Rxh2 g4 43. Kd3 f5 44. Ke3 Kf6 45. Kf4 Rb4+ 46. Kg3 Kg5 47. Rc2 f4+
48. Kh2 Rb8 49. c6 g3+ 50. Kxh3 Rh8+ 51. Kg2 Rh2+ 52. Kf3 Rxc2 0-1

[Event "Druzynowe Mistrzostw Polski Juniorow - II Liga"]
[Site "Wroclaw"]
[Date "1899-12-30"]
[Round "3.18"]
[White "Borowik, Monika"]
[Black "Miklosz, Malgorzata"]
[Result "1-0"]
[WhiteTitle "I"]
[BlackTitle "I"]
[WhiteElo "1380"]
[BlackElo "1255"]

1. d4 d5 2. Nf3 Nf6 3. c4 c6 4. e3 Bg4 5. Be2 dxc4 6. Bxc4 e6 7. Nc3 Be7 8. O-O
O-O 9. b3 Nbd7 10. Bb2 Nb6 11. Be2 Nbd5 12. Rc1 Rc8 13. a3 h6 14. b4 Bd6 15. Ne5
Bxe2 16. Qxe2 Nd7 17. Nxd7 Qxd7 18. Ne4 Be7 19. f4 f5 20. Nd2 Qc7 21. Nc4 Nf6
22. Rfd1 Rfd8 23. Ne5 Ne4 24. Qc4 Qd6 25. Nd3 Qd5 26. Qxd5 exd5 27. Rc2 a6 28.
Rdc1 Ra8 29. a4 Bd6 30. Nc5 Bxc5 31. dxc5 Rd7 32. Bd4 Re8 33. Rb2 Ree7 34. Ra1
Rf7 35. b5 axb5 36. axb5 cxb5 37. Rxb5 Rc7 38. Kf1 Kh7 39. Ke2 Rcd7 40. Ra8 Rc7
41. Re8 Rfe7 42. Rxe7 Rxe7 43. h3 h5 44. Ra5 Rc7 45. Kd3 Rd7 46. Ra7 Rc7 47. c6
Rxc6 48. Rxb7 Rg6 49. Rf7 Rxg2 50. Bc3 Rg3 51. Rxf5 Nxc3 52. Kxc3 Rxe3+ 53. Kd4
Rxh3 54. Kxd5 Kh6 55. Rg5 Rh4 56. Ke4 Rg4 57. Rb5 Rg1 58. Kf3 h4 59. Rb8 Rg3+
60. Kf2 Kh7 61. Rb1 Rg4 62. Kf3 Rg3+ 63. Kf2 Kg6 64. Rb5 Kh6 65. Rc5 Rg4 66. Kf3
Rg3+ 67. Kf2 Rg6 68. Rb5 Rf6 69. Kf3 g6 70. Ke4 1-0

[Event "Druzynowe Mistrzostw Polski Juniorow - II Liga"]
[Site "Wroclaw"]
[Date "1899-12-30"]
[Round "3.19"]
[White "Paprocki, Antoni"]
[Black "Zarebska, Lena"]
[Result "0-1"]
[WhiteTitle "I++"]
[BlackTitle "k"]
[WhiteElo "1981"]
[BlackElo "1805"]

1. d4 Nf6 2. c4 c5 3. d5 b5 4. cxb5 a6 5. e3 d6 6. Nc3 g6 7. a4 Bg7 8. Nf3 O-O
9. e4 axb5 10. Bxb5 Ba6 11. Bd2 Ne8 12. O-O Nc7 13. Qe2 Bb7 14. Rab1 Nba6 15.
Bc4 Nb4 16. b3 h6 17. Nb5 Nxb5 18. Bxb5 Kh7 19. Rfc1 e6 20. dxe6 fxe6 21. Bxb4
cxb4 22. Bc6 Ba6 23. Qe3 Rb8 24. e5 dxe5 25. Be4 Bb7 26. Bxb7 Rxb7 27. Nxe5 Rc7
28. Qe4 Rxc1+ 29. Rxc1 Rf5 30. Nxg6 Qg5 31. Nf8+ Bxf8 32. Rc7+ Kh8 33. Qd4+ Qf6
34. Qd2 Rd5 35. Qe1 Qd8 36. Rc1 Bc5 37. g3 Qd6 38. Kg2 Rd3 39. h4 Qd5+ 40. Kh2
e5 41. Rc2 e4 42. Qc1 Bf8 43. Rc8 Qd6 44. a5 Qf6 45. Qc2 Rc3 46. Rxc3 bxc3 47.
Qxe4 Qxf2+ 48. Kh3 c2 49. Qe5+ Kg8 50. Qe6+ Qf7 51. Qg4+ Kh7 52. Qe4+ Qg6 53.
Qc4 Bd6 54. g4 h5 55. g5 Qf5+ 56. Kg2 Qg4+ 0-1

[Event "Druzynowe Mistrzostw Polski Juniorow - II Liga"]
[Site "Wroclaw"]
[Date "1899-12-30"]
[Round "3.20"]
[White "Sloniewska, Alicja"]
[Black "Herka, Jakub"]
[Result "1-0"]
[WhiteTitle "I++"]
[BlackTitle "I"]
[WhiteElo "1735"]
[BlackElo "1433"]

1. d4 Nf6 2. c4 e6 3. Nc3 Bb4 4. e3 O-O 5. Nge2 d5 6. a3 Bd6 7. Ng3 c5 8. cxd5
cxd4 9. exd4 Nxd5 10. Nxd5 exd5 11. Be2 Nc6 12. O-O Qb6 13. Bf3 Be6 14. Ne2 Rad8
15. b4 Be7 16. Qd3 Bf6 17. Rd1 Rfe8 18. Bf4 g6 19. Rac1 a6 20. g4 h5 21. gxh5
Bf5 22. Qc3 g5 23. Be3 g4 24. Bg2 Be4 25. Bxe4 Rxe4 26. Ng3 Re6 27. Qd3 Kh8 28.
Ne2 Re4 29. Rc5 Bh4 30. Rxd5 Rde8 31. Ng3 Bxg3 32. hxg3 Qc7 33. Kg2 Qe7 34. Bf4
Qe6 35. Rd6 Qe7 36. Rd5 Qe6 37. Be5+ Rxe5 38. dxe5 Nxe5 39. Qd4 f6 40. Qf4 Qc6
41. Qe3 Rd8 42. Qc5 Rxd5 43. Qxd5 Qc3 44. Qd8+ Kg7 45. Qe7+ Nf7 46. Rd7 Qf3+ 47.
Kg1 Qb3 48. h6+ Kg6 49. h7 Ne5 50. Qxe5 fxe5 51. h8=Q Qb1+ 52. Kh2 1-0

[Event "Druzynowe Mistrzostw Polski Juniorow - II Liga"]
[Site "Wroclaw"]
[Date "1899-12-30"]
[Round "3.21"]
[White "Khimichenko, Dmytro"]
[Black "Sloniewski, Wojciech"]
[Result "1-0"]
[WhiteTitle "II+"]
[BlackTitle "II"]
[WhiteElo "1412"]
[BlackElo "1062"]

1. e4 c5 2. Nf3 e6 3. b3 Nc6 4. Bb2 Nf6 5. e5 Nd5 6. c4 Nde7 7. Nc3 Ng6 8. Qe2
Qc7 9. Nb5 Qb8 10. O-O-O a6 11. Na3 Be7 12. Nc2 a5 13. a4 Nb4 14. d4 cxd4 15.
Ncxd4 b6 16. h4 h5 17. g3 Bb7 18. Rg1 Qc7 19. Nb5 Qb8 20. Bg2 Ra6 21. Rd2 Bc6
22. Nd6+ Bxd6 23. Rxd6 Ne7 24. Ne1 Bxg2 25. Nxg2 Nf5 26. Rd2 Qc7 27. Ne3 Nxe3
28. Qxe3 Qc5 29. Bd4 Qc6 30. Rgd1 Nd5 31. Qg5 g6 32. Kb1 1-0

[Event "Druzynowe Mistrzostw Polski Juniorow - II Liga"]
[Site "Wroclaw"]
[Date "1899-12-30"]
[Round "3.22"]
[White "Mieszczankowski, Adam"]
[Black "Pekala, Dawid"]
[Result "0-1"]
[WhiteTitle "II"]
[BlackTitle "II"]
[WhiteElo "1044"]
[BlackElo "1458"]

1. e4 c5 2. Nf3 d6 3. d4 cxd4 4. Nxd4 Nf6 5. Nc3 a6 6. Be3 e5 7. Nde2 Be6 8. Ng3
Be7 9. Be2 Nbd7 10. O-O b5 11. Nd5 Bxd5 12. exd5 O-O 13. Nf5 Re8 14. Bg5 Nb6 15.
Bxf6 Bxf6 16. Re1 Bg5 17. b3 g6 18. Ng3 f5 19. Qd3 Rc8 20. a4 e4 21. Qd4 Bf6 22.
Qd2 Bc3 23. Nxf5 gxf5 0-1

[Event "Druzynowe Mistrzostw Polski Juniorow - II Liga"]
[Site "Wroclaw"]
[Date "1899-12-30"]
[Round "3.23"]
[White "Pudelko, Magdalena"]
[Black "Anyz, Monika"]
[Result "0-1"]
[WhiteTitle "I++"]
[BlackTitle "I++"]
[WhiteElo "1461"]
[BlackElo "1792"]

1. e4 c5 2. Nf3 Nc6 3. d4 cxd4 4. Nxd4 g6 5. c4 Nf6 6. Nc3 Bg7 7. Be3 Ng4 8. Qxg4
Nxd4 9. Qd1 Ne6 10. Qd2 Qa5 11. Rc1 b6 12. Be2 Bb7 13. f3 d6 14. a3 g5 15. Rc2
h5 16. Nd5 Qxd2+ 17. Kxd2 Kd7 18. b4 Nd4 19. Bxd4 Bxd4 20. Kd3 Be5 21. g3 e6 22.
Nc3 Rac8 23. Rf1 h4 24. f4 Bxc3 25. Rxc3 hxg3 26. hxg3 Rh3 27. fxg5 Rxg3+ 28.
Kd2 Rxc3 29. Kxc3 Ke7 30. Bh5 Rf8 31. Kd3 Bc6 32. Ke3 Be8 33. Kd4 Rg8 34. Rg1
e5+ 35. Ke3 Rh8 36. Bg4 Rh2 37. Be2 Rh3+ 38. Bf3 Rh8 39. Bg4 Rg8 40. Bh5 Bd7 41.
Bf3 Be6 42. Be2 Rc8 43. Rc1 Kf8 44. Rd1 Bxc4 45. Bxc4 Rxc4 46. Rxd6 Ke7 47. Rd3
Rc8 48. Ke2 Ke6 49. Kf2 Rc2+ 50. Kf3 Rc8 51. Kf2 Rg8 52. Rg3 Rg6 53. Rc3 Kd7 54.
Rf3 Rg7 55. Rf5 Kd6 56. Rf6+ Kd7 57. Rf5 Ke6 58. Ke3 Rg6 59. Kd3 b5 60. Kc3 f6
61. gxf6 Rxf6 62. Rh5 Rf3+ 63. Kb2 Rf4 64. Rh6+ Kf7 65. Rh7+ Kg6 66. Rxa7 Rxe4
67. Kc3 Rd4 68. a4 bxa4 69. Rxa4 Rd8 70. Ra2 e4 71. Rf2 Kg5 72. Rd2 Re8 73. b5
e3 74. Re2 Kf4 75. b6 Kf3 76. Re1 Rb8 77. Rb1 e2 78. Kd2 Kf2 79. b7 Rd8+ 80. Kc2
Rb8 81. Kd2 Rxb7 82. Rxb7 e1=Q+ 83. Kd3 Qe3+ 84. Kc4 Qe4+ 0-1

[Event "Druzynowe Mistrzostw Polski Juniorow - II Liga"]
[Site "Wroclaw"]
[Date "1899-12-30"]
[Round "3.24"]
[White "Zapalowska, Wiktoria"]
[Black "Walerjan, Ada"]
[Result "1-0"]
[WhiteTitle "I"]
[BlackTitle "I"]
[WhiteElo "1528"]
[BlackElo "1275"]

1. e4 e5 2. Nf3 Nf6 3. Nxe5 d6 4. Nf3 Nxe4 5. Nc3 Nxc3 6. dxc3 Be7 7. Be3 Nc6 8.
Qd2 Bf5 9. O-O-O Qd7 10. Bd3 O-O-O 11. Rhe1 h6 12. h3 Rhe8 13. Nd4 Nxd4 14. Bxd4
Bf8 15. a3 a6 16. c4 g6 17. Bf6 Rxe1 18. Rxe1 Re8 19. Bxf5 Rxe1+ 20. Qxe1 gxf5
21. Qc3 Qe6 22. b4 Be7 23. Bxe7 Qxe7 24. Qh8+ Kd7 25. Qxh6 Qe1+ 26. Kb2 Qxf2 27.
Qf6 Ke8 28. h4 Qxg2 29. Qxf5 Qg7+ 30. Kb3 Kd8 31. h5 c6 32. Qf4 Kd7 33. h6 Qh7
34. Qf6 Kc7 35. Qg7 Qf5 36. h7 Qf3+ 37. Qc3 Qxc3+ 38. Kxc3 f5 39. h8=Q 1-0

[Event "Druzynowe Mistrzostw Polski Juniorow - II Liga"]
[Site "Wroclaw"]
[Date "1899-12-30"]
[Round "3.25"]
[White "Malik, Maciej"]
[Black "Bauer, Marika"]
[Result "1-0"]
[WhiteTitle "I++"]
[BlackTitle "II"]
[WhiteElo "1984"]
[BlackElo "1142"]

1. d4 d5 2. Nf3 Nc6 3. e3 Nf6 4. Bd3 Bg4 5. Nbd2 e6 6. b3 Bd6 7. Bb2 Qe7 8. h3
Bh5 9. c4 Bb4 10. a3 Bxd2+ 11. Qxd2 b6 12. cxd5 Bxf3 13. gxf3 exd5 14. Bb5 Qd6
15. Rc1 Kd7 16. Qc2 1-0

[Event "Druzynowe Mistrzostw Polski Juniorow - II Liga"]
[Site "Wroclaw"]
[Date "1899-12-30"]
[Round "3.26"]
[White "Kraczek, Cezary"]
[Black "Karut, Kacper"]
[Result "1/2-1/2"]
[WhiteTitle "I"]
[BlackTitle "I"]
[WhiteElo "1657"]
[BlackElo "1835"]

1. d4 Nf6 2. Nc3 d5 3. Bf4 e6 4. e3 Bd6 5. Bg3 O-O 6. Nf3 c5 7. Be2 a6 8. Ne5 cxd4
9. exd4 Bb4 10. O-O Nc6 11. Bf3 Bxc3 12. bxc3 Nxe5 13. Bxe5 b5 14. a4 Bd7 15.
axb5 Bxb5 16. Be2 Ne4 17. Bxb5 axb5 18. Rxa8 Qxa8 19. Qg4 f6 20. Qxe6+ Kh8 21.
Bg3 Re8 22. Qd7 Nxc3 23. h3 Qc8 24. Qf7 Ne2+ 25. Kh2 Nxd4 26. Qxd5 Rd8 27. Qh5
Qxc2 28. Re1 Qc6 29. Re7 Rg8 30. Qg4 Nb3 31. Rc7 Qd5 32. Rd7 Qc5 33. Qe6 Qc4 34.
Qxc4 bxc4 35. Rc7 Na5 36. Ra7 Nb3 37. Rc7 Na5 38. Ra7 Nc6 39. Rc7 Na5 40. Ra7
Nb3 41. Rc7 Nd2 42. Bf4 Ne4 43. f3 Nc3 44. Rxc4 1/2-1/2

[Event "Druzynowe Mistrzostw Polski Juniorow - II Liga"]
[Site "Wroclaw"]
[Date "1899-12-30"]
[Round "3.27"]
[White "Pycinski, Wladyslaw"]
[Black "Rosc, Ignacy"]
[Result "1-0"]
[WhiteTitle "I"]
[BlackTitle "II+"]
[WhiteElo "1701"]
[BlackElo "1527"]

1. d4 d5 2. Nf3 Nf6 3. g3 c6 4. Bg2 Bf5 5. c4 e6 6. Nc3 h6 7. O-O Be7 8. Nd2 O-O
9. e4 dxe4 10. Ndxe4 Nxe4 11. Nxe4 Nd7 12. Bf4 Nf6 13. Nc3 Rc8 14. Qb3 Qb6 15.
Qxb6 axb6 16. Rfd1 Rfd8 17. Na4 Nd7 18. Rac1 Ra8 19. Nc3 Bf6 20. Be3 Nf8 21. a3
Rd7 22. Rd2 e5 23. d5 c5 24. Ne4 Bxe4 25. Bxe4 Be7 26. Rc3 Bd6 27. Rb3 Ra6 28.
Rb5 Rc7 29. Rd3 Nd7 30. Bf5 Ra4 31. Rc3 Ra6 32. Rcb3 Ra4 33. Bxd7 Rxd7 34. Rxb6
Rxc4 35. Rxb7 Rxb7 36. Rxb7 Rd4 37. Bxd4 exd4 38. b3 d3 39. Kf1 Be5 40. Ke1 Bc3+
41. Kd1 1-0

[Event "Druzynowe Mistrzostw Polski Juniorow - II Liga"]
[Site "Wroclaw"]
[Date "1899-12-30"]
[Round "3.28"]
[White "Bauer, Maja"]
[Black "Tim, Wojciech"]
[Result "1-0"]
[WhiteTitle "I"]
[BlackTitle "II"]
[WhiteElo "1372"]
[BlackElo "1300"]

1. e4 e6 2. d4 d5 3. exd5 exd5 4. Nf3 Bd6 5. Bd3 Bg4 6. O-O Ne7 7. h3 Bh5 8. Nc3
Nbc6 9. Nb5 a6 10. Nxd6+ Qxd6 11. c3 f6 12. b4 O-O-O 13. a4 g5 14. b5 Nb8 15.
Ba3 Qd7 16. Qe2 Rde8 17. bxa6 Nec6 18. axb7+ Kxb7 19. Rfb1+ Kc8 20. Qc2 Bg6 21.
Bxg6 hxg6 22. Qb3 g4 23. Qb7+ Kd8 24. Qxb8+ Nxb8 25. Rxb8+ Qc8 26. Rxc8+ Kxc8
27. hxg4 Re4 28. g5 fxg5 29. Nxg5 Reh4 30. Nh3 g5 31. Be7 Rg4 32. f3 Rgh4 33.
Bxg5 R4h5 34. f4 Re8 35. Kf2 Rhh8 36. Re1 Reg8 37. Re5 c6 38. Re7 Rg6 39. a5 Kb8
40. Ng1 Rc8 41. Nf3 c5 42. Ne5 cxd4 43. Nxg6 dxc3 44. f5 d4 45. Rd7 Rc4 46. f6
Rc5 47. Bf4+ Kc8 48. Rxd4 c2 49. f7 c1=Q 50. f8=Q+ 1-0

[Event "Druzynowe Mistrzostw Polski Juniorow - II Liga"]
[Site "Wroclaw"]
[Date "1899-12-30"]
[Round "3.29"]
[White "Tim, Anna"]
[Black "Fic, Joanna"]
[Result "1/2-1/2"]
[WhiteTitle "I"]
[BlackTitle "II+"]
[WhiteElo "1159"]
[BlackElo "1057"]

1. d4 Nf6 2. c4 c5 3. d5 b5 4. b3 g6 5. Nd2 Bg7 6. Bb2 O-O 7. Qc2 d6 8. e4 bxc4
9. Bxc4 Re8 10. Ngf3 Nbd7 11. O-O Ng4 12. Bxg7 Kxg7 13. Rae1 Nge5 14. Nxe5 Nxe5
15. f4 Nd7 16. e5 dxe5 17. fxe5 Nb6 18. e6 f6 19. Bb5 Rf8 20. Qxc5 Nxd5 21. Bc6
Ba6 22. Bxa8 Bxf1 23. Qxd5 Bxg2 24. Qxg2 Qxa8 25. Qxa8 Rxa8 26. a4 Rd8 27. Nc4
Rd3 28. Re3 Rd5 29. Kf2 f5 30. Kf3 g5 1/2-1/2